Bienvenue à la Médiathèque de Saint-Andiol
banniere
Accueil Recherche avancée Mon compte
handi1 Rechercher dans le catalogue

Filtre   Mots-clés
  Recherche avancée
 
Lister les dernières nouveautés
 
Lister les livres GROS CARACTERES
 
Lister les périodiques (magazines)

handi1 Loup gros comme ça (Un)

<< Retourner aux résultats de la recherche
Book Cover
Auteur principal : Natalie Louis-Lucas
Autres auteurs : Kristien Aertssen
Titre : Loup gros comme ça (Un)
Support : Livres
Langue : Francais
Publié : 2005 Ecole des loisirs Paris
Genre : Album
Sujets :
Étiquettes :
Pas de tags
LEADER 00811nam0a2200217 450
001 16868190
010 |a 2-211-07801-X  |b Cart.  |d 11 € 
100 |a 20050419d2005 u u0frey01 ba 
101 0 |a fre 
102 |a BE 
200 0 |a Loup gros comme ça (Un)  |f Natalie Louis-Lucas  |g ill. Kristien Aertssen 
207 1 |a   
210 |a Paris  |c Ecole des loisirs  |d 2005 
215 |a [n.p.]  |c ill. en coul.  |d 19 x 22 cm 
330 |a Hector a peur : il est persuadé qu'il y a un gros loup caché derrière le rideau. Livre avec rabat sur le côté droit) 
606 0 |a Loup  |x Ouvrages pour la jeunesse 
700 0 |a Louis-Lucas  |b Natalie  |4 70 
702 0 |a Aertssen  |b Kristien  |4 440 
900 |a Album 
901 |a Jeunesse 
995 |a Médiathèque  |c Médiathèque  |f 00156005797774  |h 00156005797774  |k A LOU  |o p  |q j  |r az  |e Médiathèque